[Event "IRI-ch U16"]
[Site "Chess.com INT"]
[Date "2021.01.16"]
[Round "2"]
[White "Mokkarian, Arian"]
[Black "Razavi, Seyyed Amirreza"]
[Result "1-0"]
[WhiteElo "1592"]
[BlackElo "1947"]
[PlyCount "63"]
[EventDate "2021.01.16"]
[EventType "swiss"]
[EventRounds "11"]
[EventCountry "IRI"]
[SourceTitle "EXT 2022"]
[Source "ChessBase"]
[SourceDate "2021.10.06"]
[SourceVersion "1"]
[SourceVersionDate "2021.10.06"]
[SourceQuality "1"]

1. e4 c6 2. d4 d5 3. e5 Bf5 4. h4 h5 5. Ne2 e6 6. Ng3 Bh7 7. Qxh5 c5 8. Bd3 Nc6 9. Bxh7 g6 10. Qg4 Rxh7 11. h5 Nxd4 12. Na3 Qc7 13. hxg6 Rxh1+ 14. Nxh1 Qxe5+ 15. Be3 f5 16. Qg3 Qe4 17. Qc7 Be7 18. 0-0-0 Ne2+ 19. Kb1 f4 20. Bxc5 Bxc5 21. Qxc5 Ne7 22. Nb5 Kf8 23. g7+ Kxg7 24. Qxe7+ Kg6 25. Nd6 Qe5 26. Qf7+ Kg5 27. Ne8 Rc8 28. Ng7 Rc6 29. Qh5+ Kf6 30. Ne8+ Ke7 31. Qxe5 Kxe8 32. Qxe2 1-0